00461nam a2200145Ia 4500008004100000041000800041082001200049100001700061245003000078260002800108300003200136365001100168999001700179952011900196240624s9999 xx 000 0 und d aeng a657 RAM aRAMANATHAN S aACCOUNTING FOR MANAGEMENT c2014aNew DelhibOxford axvii, : 669 : p. : cm. ; 26 cRSb31 c24990d24990 00104070aIMTNbIMTNcRack 20-Ad2015-10-01eWBDg595.00o657 RAMp24990r2024-06-24 00:00:00t1w2024-06-24yBK